000 00548nam a22001817a 4500
999 _c25233
_d25233
003 BDDh-ASL
005 20231015030450.0
008 210626s1955 ii ||||| |||| 00| 0 u d
040 _aBDDh-ASL
_cBDDh-ASL
082 _a297.8
_bBAT
100 1 _94123
_aBari, Abdul
245 1 0 _aTajdid-I Ma'a Shiyat : / تجدید معا شیات
246 _aTajdid-I Ma'a Shiyat
260 _aLucknow :
_bHafizur Rahman (Tanwir Press) ,
_cOctober, 1955,
300 _a518 p. :
_c18 cm.
650 0 _91652
_aIslam
_xLivelihood, Islam
942 _2ddc
_cBK